000 01421cam a2200289 4500
001 ABS67129
008 031020n2003 000 0 eng u
035 _a(Sirsi) u123949
245 _aConcrete visions
260 _c2003
490 _aNew Civil Engineer
_v(1498) September 2003, I-23(19)
520 _aA series of articles on concrete looking at the new Concrete Centre that is now the focus for all advisory, promotion and marketing activity; the use of concrete in the Combined Universities in Cornwall project; innovation in precast developments; the use of concrete as an environmentally friendly means to a more comfortable building environment; concrete as a solution to Britain's crumbling transport infrastructure; the new method of pouring concrete at the Heathrow Terminal 5 project; a new recycling initiative using waste usually destined for landfill and the future of concrete in the construction industry.
590 _aABS
650 _aCONCRETE
650 _aOFFICE ENVIRONMENTS
650 _aCONCRETE STRUCTURES
650 _aCONCRETE BUILDINGS
650 _aCONCRETE CONSTRUCTION
650 _aPRECAST CONCRETE
650 _aTHERMAL MASS COOLING SYSTEMS
650 _aTRANSPORT INFRASTRUCTURE
650 _aCONCRETE REINFORCEMENT
650 _aWASTE RECYCLING
650 _aBUILT ENVIRONMENT-BUILDING MATERIALS
690 _aBUILT ENVIRONMENT-BUILDING MATERIALS
942 _n0
999 _c73608
_d73608